Statistieken voor Meest Noordelijke Europese landen

Klik hier om de quiz te nemen!

Algemene statistieken

  • Deze quiz is 2.197 keer genomen
    (2.034 sinds de laatste reset)
  • De gemiddelde score is 10 van 10

Antwoordstatistieken

Noordelijkste puntLand% Correct
78°55' NNoorwegen
99%
70°05' NFinland
98%
69°03' NZweden
98%
81°43' NDenemarken
97%
73°30' NRusland
97%
59°41' NEstland
95%
66°32' NIJsland
95%
58°05' NLetland
94%
56°27' NLitouwen
93%
60°50' NVerenigd Koninkrijk
85%

Scoreverdeling

Percentiel versus Aantal Correcte Antwoorden

Procent van Mensen met Elke Score

Uw Scoregeschiedenis

U heeft deze quiz nog niet genomen sinds de laatste reset